|
|
|
|
| LEADER |
00798nam a2200277 4500 |
| 001 |
DLU110115313 |
| 005 |
##20110113 |
| 040 |
# |
# |
|a DLU
|b vie
|
| 041 |
# |
# |
|a vie
|
| 044 |
# |
# |
|a vn
|
| 100 |
# |
# |
|a Đào Thị Mai Ngọc.
|
| 245 |
# |
# |
|a Tư liệu khoa học /
|c Đào Thị Mai Ngọc.
|
| 653 |
# |
# |
|a Chủ nghĩa anh hùng dân tộc
|
| 653 |
# |
# |
|a Nguyễn Huy Tưởng, 1912-1960
|
| 653 |
# |
# |
|a Sáng tác
|
| 653 |
# |
# |
|a Sự nghiệp
|
| 773 |
# |
# |
|t Khoa học xã hội Việt Nam
|g Số 4(29), 2008, tr. 119-120
|
| 920 |
# |
# |
|a Phòng Tạp chí -- Trung tâm Thông tin - Thư viện Trường Đại học Đà Lạt
|
| 994 |
# |
# |
|a DLU
|
| 900 |
# |
# |
|a True
|
| 911 |
# |
# |
|a Nguyễn Thị Linh Chi
|
| 925 |
# |
# |
|a G
|
| 926 |
# |
# |
|a A
|
| 927 |
# |
# |
|a BB
|
| 980 |
# |
# |
|a Thư viện Trường Đại học Đà Lạt
|